Výkaz CASH FLOW - jeho úloha pri analýze finančnej situácie podniku

Teoretické východiská problematiky cash flow. Schéma vzájomných vzťahov medzi účtovnými výkazmi. Výkaz cash flow ako zdroj informácií. Identifikácia kladných a záporných tokov z výkazu cash flow.

Guardado en:
Detalles Bibliográficos
Autor principal: Kalafutová, Ľudmila
Formato: Capítulo de libro
Lenguaje:eslovaco
Materias:
Etiquetas: Agregar Etiqueta
Sin Etiquetas, Sea el primero en etiquetar este registro!

MARC

LEADER 00000naa a2200000 4500
001 r030741
005 20230912112452.9
041 0 |a slo 
044 |a SK 
245 1 0 |a Výkaz CASH FLOW - jeho úloha pri analýze finančnej situácie podniku  |c Ľudmila Kalafutová 
520 |a Teoretické východiská problematiky cash flow. Schéma vzájomných vzťahov medzi účtovnými výkazmi. Výkaz cash flow ako zdroj informácií. Identifikácia kladných a záporných tokov z výkazu cash flow. 
610 2 0 |a výkazy účtovné 
610 2 0 |a cash flow 
610 2 0 |a súvaha 
610 2 0 |a výsledovka 
610 2 0 |a zdroje informácií 
610 2 0 |a ukazovatele finančné 
100 1 |a Kalafutová, Ľudmila